<?xml version="1.0" encoding="UTF-8"?><?xml-stylesheet type="text/xsl" href="static/style.xsl"?><OAI-PMH xmlns="http://www.openarchives.org/OAI/2.0/" xmlns:xsi="http://www.w3.org/2001/XMLSchema-instance" xsi:schemaLocation="http://www.openarchives.org/OAI/2.0/ http://www.openarchives.org/OAI/2.0/OAI-PMH.xsd"><responseDate>2026-04-27T19:44:34Z</responseDate><request verb="GetRecord" identifier="oai:uvadoc.uva.es:10324/70033" metadataPrefix="marc">https://uvadoc.uva.es/oai/request</request><GetRecord><record><header><identifier>oai:uvadoc.uva.es:10324/70033</identifier><datestamp>2024-10-04T08:06:13Z</datestamp><setSpec>com_10324_38</setSpec><setSpec>col_10324_852</setSpec></header><metadata><record xmlns="http://www.loc.gov/MARC21/slim" xmlns:doc="http://www.lyncode.com/xoai" xmlns:xsi="http://www.w3.org/2001/XMLSchema-instance" xmlns:dcterms="http://purl.org/dc/terms/" xsi:schemaLocation="http://www.loc.gov/MARC21/slim http://www.loc.gov/standards/marcxml/schema/MARC21slim.xsd">
<leader>00925njm 22002777a 4500</leader>
<datafield tag="042" ind1=" " ind2=" ">
<subfield code="a">dc</subfield>
</datafield>
<datafield tag="720" ind1=" " ind2=" ">
<subfield code="a">Miguélez Santamarta, Mónica</subfield>
<subfield code="e">author</subfield>
</datafield>
<datafield tag="260" ind1=" " ind2=" ">
<subfield code="c">2024</subfield>
</datafield>
<datafield tag="520" ind1=" " ind2=" ">
<subfield code="a">Este trabajo de estudios bibliográficos especializados analiza la idea de la &#xd;
educación popular en América latina del siglo XX, especialmente durante los años &#xd;
sesenta, setenta y ochenta, época en la que se formó por completo. Se explica el &#xd;
contexto político ideológico y social que predominaba en Latinoamérica y los diferentes &#xd;
discursos políticos y pedagógicos bajo los que estuvo influenciada.. Además, también se &#xd;
realiza un análisis de la biografía personal y profesional de dos de los pensadores más &#xd;
importantes sobre la educación y la escuela en este contexto, Paulo Freire e Iván Illich. &#xd;
Se exponen el método de alfabetización y la desescolarización de cada uno de ellos &#xd;
respectivamente, cómo influyeron en la concepción educativa, en su orientación y sus &#xd;
alternativas educativas.</subfield>
</datafield>
<datafield tag="024" ind2=" " ind1="8">
<subfield code="a">https://uvadoc.uva.es/handle/10324/70033</subfield>
</datafield>
<datafield tag="245" ind1="0" ind2="0">
<subfield code="a">La educación para la liberación</subfield>
</datafield>
</record></metadata></record></GetRecord></OAI-PMH>